| 000 | 00374 a2200169 4500 | ||
|---|---|---|---|
| 001 | 192075 | ||
| 020 | _a978-85-88642-36-2 | ||
| 040 | _cMagnum | ||
| 100 | _aInfante, Márcia | ||
| 240 | 1 | 0 |
_aEstranhos íntimos _lpor |
| 245 | 1 | 0 | _aEstranhos íntimos |
| 300 | _a102 | ||
| 362 | 0 | _a2011 | |
| 440 | 1 | _aOutras Letras | |
| 697 | _aLITERATURA INFANTO-JUVENIL | ||
| 942 | _cBK | ||
| 999 |
_c192075 _d192075 |
||